JC Superstars Quiz Stats

 Plays Quiz Updated Jun 30, 2019

Score 0/26 Timer 08:00
0 Plays Today
Clue Famous J.C. % Correct
Actor: 'The Mask', 'Liar, Liar', 'The Truman Show'Jim Carrey
92.3%
39th US President, 1977-1981Jimmy Carter
84.5%
Assassinated Roman leader, 49-44 BCJulius Caesar
83.8%
Country music's 'The Man In Black': 'Ring Of Fire', 'A Boy Named Sue', 'Hurt'Johnny Cash
81.2%
Founder of the weight-loss/nutrition company that bears her nameJenny Craig
80.6%
Hong Kong superstar: 'Shanghai Noon', 'Rush Hour'Jackie Chan
80.4%
The Tonight Show host, 1962-92Johnny Carson
66.7%
Director: 'Titanic', 'Avatar', 'Terminator 2'James Cameron
66.2%
American cook book writer & TV show host, subject of recent movieJulia Child
63.3%
Wife of above, singer-songwriterJune Carter
52.3%
British comic actor: Monty Python, 'Fawlty Towers', 'A Fish Called Wanda'John Cleese
51%
Actor: 'The Godfather', 'Rollerball', 'Misery'James Caan
45.5%
French oceanographer, author, filmmakerJacques-Yves Cousteau
44.3%
Clue Famous J.C. % Correct
American tennis player, won 5 US Opens (1974-83)Jimmy Connors
40.1%
American singer songwriter, killed in 1973 plane crash: 'Bad Bad Leroy Brown', 'Time In A Bottle'Jim Croce
35.3%
King of Spain from 1977-2014Juan Carlos
34.4%
British explorer: First European to visit Hawaii, parts of AustraliaJames Cook
31.7%
President of France, 1995-2007Jacques Chirac
29.1%
Gruff British blues/rock singer: 'You Are So Beautiful', 'Up Where We Belong'Joe Cocker
29.1%
Classic movie actor: 'Public Enemy', 'Little Caesar', 'Yankee Doodle Dandy'James (Jimmy) Cagney
27.3%
British Oscar-winning actress: 'Dr Zhivago', 'McCabe & Mrs Miller'Julie Christie
16.4%
Venetian explorer, who claimed Canada for England, 1497John Cabot
14%
Reggae singer, actor: 'Many Rivers To Cross', 'The Harder They Come'Jimmy Cliff
11.9%
Dutch footballer, considered the best European player of the 20th CenturyJohan Cruyff
9.3%
Canadian Prime Minister, 1993-2003Jean Chrétien
8.3%
British Prime Minister, 1976-79James Callaghan
6.8%

You're not logged in!

Compare scores with friends on all Sporcle quizzes.
OR
Log In

Sporcle TV

Today on Sporcle TV


Watch our educational content, quiz creation guides, and fun videos on Sporcle TV.

Show Comments

Extras

Top Quizzes Today


Score Distribution

Your Account Isn't Verified!

In order to create a playlist on Sporcle, you need to verify the email address you used during registration. Go to your Sporcle Settings to finish the process.

Report this User

Report this user for behavior that violates our Community Guidelines.

Details: